Oroonoko lo schiavo reale /

में बचाया:
ग्रंथसूची विवरण
मुख्य लेखक: Behn, Aphra (लेखक)
अन्य लेखक: Lamarra, Annamaria
स्वरूप: पुस्तक
भाषा:इतालवी
प्रकाशित: Napoli : Guida, ©1986
श्रृंखला:Archivio del romanzo ; 25
टैग: टैग जोड़ें
कोई टैग नहीं, इस रिकॉर्ड को टैग करने वाले पहले व्यक्ति बनें!

MARC

LEADER 00000nam a2200000 i 4500
001 IT\ICCU\CFI\0023230
003 ItRI
005 20260115231918.0
008 870112s1986 it |||||| ||||| |||||c
015 |2 IT  |a 89-848 
020 |a 8870427927 
040 |b ita  |c importazione bologna sebina 
041 7 |a ita  |2 ISO-639-2 
082 |a 823.4  |9 NARRATIVA INGLESE. 1625-1702  |2 19 
100 1 |a Behn, Aphra  |0 IT\ICCU\CFIV\051859  |4 aut 
240 1 0 |a Oroonoko, or The royal slave. -  |3 IT\ICCU\CFI\0081654 
245 1 0 |a Oroonoko lo schiavo reale /  |c Aphra Behn ; a cura di Annamaria Lamarra ; con un saggio di Guido Almansi e Claude Béguin. 
260 |a Napoli :  |b Guida,  |c ©1986 
300 |a 123 p. ;  |c 21 cm 
500 |a Trad. di Annamaria Lamarra. 
700 1 |a Lamarra, Annamaria  |0 IT\ICCU\CFIV\051862 
830 0 |a Archivio del romanzo ;  |v 25  |0 IT\ICCU\CFI\0000079 
942 |2 ddc  |c BK  |n 0 
952 |0 0  |1 0  |4 0  |6 DOC_823_000000000000000_BEH  |7 0  |9 16246  |a BO  |b BO  |d 2026-01-15  |i 5863  |l 0  |o DOC 823 BEH  |p BO5863  |r 2026-01-15 23:19:18  |w 2026-01-15  |x [Sebina 5] [1 v.]  |y BK  |z 1 v. 
999 |c 13943  |d 13943